000 00414nam a22001697a 4500
003 MACL
005 20160726124157.0
008 160726b xxu||||| |||| 00| 0 eng d
040 _cMACL
041 _aEnglish
082 _a910 DAT
100 _aDatta, Ratul
_965327
245 _aCyclone The Terror
_cRatul Datta
260 _aKolkata
_bBest Books
_c2015
650 _aGeography
_965328
942 _2ddc
_cHIN
999 _c54988
_d54988